000 00341nam a22001337a 4500
999 _c55067
_d55067
008 200205b ||||| |||| 00| 0 eng d
041 _aeng
080 _2043.3
_a043.3
082 _a043.3
100 _a0
101 _aMTH
245 _aStudim Analitik i Atributeve të Përgjegjësive Sociale të Korporatave
_cBerisha,A
942 _2udc
_cBK